Tvorivá činnosť, tvorca, autor a pôvodca
Práva na predmety duševného vlastníctva - osobnomajetkové práva. Systém práv na predmety duševného vlastníctva, ktoré sa delia na osobnomajetkové práva a súvisiace majetkové práva. Pojem tvorivá duševná činnosť či práca. Vymedzenie pojmu autor alebo pôvodca diela.
Enregistré dans:
| Auteur principal: | |
|---|---|
| Format: | Chapitre de livre |
| Langue: | slovaque |
| Sujets: | |
| Tags: |
Pas de tags, Soyez le premier à ajouter un tag!
|
MARC
| LEADER | 00000naa a2200000 4500 | ||
|---|---|---|---|
| 001 | r016302 | ||
| 005 | 20221213113232.5 | ||
| 041 | 0 | |a slo | |
| 044 | |a SK | ||
| 245 | 1 | 0 | |a Tvorivá činnosť, tvorca, autor a pôvodca |c S. Vyparina |
| 520 | |a Práva na predmety duševného vlastníctva - osobnomajetkové práva. Systém práv na predmety duševného vlastníctva, ktoré sa delia na osobnomajetkové práva a súvisiace majetkové práva. Pojem tvorivá duševná činnosť či práca. Vymedzenie pojmu autor alebo pôvodca diela. | ||
| 610 | 2 | 0 | |a vlastníctvo duševné |
| 610 | 2 | 0 | |a právo autorské |
| 610 | 2 | 0 | |a tvorivosť vedecká |
| 610 | 2 | 0 | |a vynálezy |
| 610 | 2 | 0 | |a vzory priemyselné |
| 100 | 1 | |a Vyparina, S. | |